000 00254nam a22001097a 4500
008 170118b xxu||||| |||| 00| 0 eng d
020 _a9780838525784
041 _aeng
080 _22ND
_a618.2
245 _aFIRST AID FOR THE WARDS
_cLE, T
942 _2udc
_cBK
999 _c3124
_d3124